Soul keeping : (Record no. 4844)

MARC details
000 -LEADER
fixed length control field 02211cam a2200457 i 4500
001 - CONTROL NUMBER
control field 864503874
003 - CONTROL NUMBER IDENTIFIER
control field OCoLC
005 - DATE AND TIME OF LATEST TRANSACTION
control field 20181217104700.0
008 - FIXED-LENGTH DATA ELEMENTS--GENERAL INFORMATION
fixed length control field 131201s2014 miu b 000 0 eng
010 ## - LIBRARY OF CONGRESS CONTROL NUMBER
LC control number 2013046766
020 ## - INTERNATIONAL STANDARD BOOK NUMBER
International Standard Book Number 9780310275961
Qualifying information (hardcover)
020 ## - INTERNATIONAL STANDARD BOOK NUMBER
International Standard Book Number 0310275962
Qualifying information (hardcover)
020 ## - INTERNATIONAL STANDARD BOOK NUMBER
International Standard Book Number 9780310691280
020 ## - INTERNATIONAL STANDARD BOOK NUMBER
International Standard Book Number 0310691281
020 ## - INTERNATIONAL STANDARD BOOK NUMBER
International Standard Book Number 0310691273
Qualifying information (pbk.)
020 ## - INTERNATIONAL STANDARD BOOK NUMBER
International Standard Book Number 9780310691273
Qualifying information (pbk.)
020 ## - INTERNATIONAL STANDARD BOOK NUMBER
International Standard Book Number 9780310275978
Qualifying information (paperback)
020 ## - INTERNATIONAL STANDARD BOOK NUMBER
International Standard Book Number 0310275970
Qualifying information (paperback)
035 ## - SYSTEM CONTROL NUMBER
System control number (OCoLC)864503874
040 ## - CATALOGING SOURCE
Original cataloging agency DLC
Language of cataloging eng
Description conventions rda
Transcribing agency DLC
Modifying agency IG#
-- BTCTA
-- BDX
-- YDXCP
-- ITU
-- OCO
-- VP@
-- AZH
-- OCLCF
-- FM0
-- CNTCS
-- RCT
-- OCLCQ
-- SHM
042 ## - AUTHENTICATION CODE
Authentication code pcc
050 00 - LIBRARY OF CONGRESS CALL NUMBER
Classification number BV4501.3
Item number .O767 2014
082 00 - DEWEY DECIMAL CLASSIFICATION NUMBER
Classification number 233
Edition number 23
Item number O77S
092 ## - LOCALLY ASSIGNED DEWEY CALL NUMBER (OCLC)
Classification number 233.5
Item number Or8s
100 1# - MAIN ENTRY--PERSONAL NAME
Personal name Ortberg, John.
245 10 - TITLE STATEMENT
Title Soul keeping :
Remainder of title caring for the most important part of you /
Statement of responsibility, etc. John Ortberg.
250 ## - EDITION STATEMENT
Edition statement 1st [edition].
264 #1 - PRODUCTION, PUBLICATION, DISTRIBUTION, MANUFACTURE, AND COPYRIGHT NOTICE
Place of production, publication, distribution, manufacture Grand Rapids, Michigan :
Name of producer, publisher, distributor, manufacturer Zondervan,
Date of production, publication, distribution, manufacture, or copyright notice [2014]
300 ## - PHYSICAL DESCRIPTION
Extent 207 pages ;
Dimensions 23 cm
336 ## - CONTENT TYPE
Content type term text
Content type code txt
Source rdacontent
337 ## - MEDIA TYPE
Media type term unmediated
Media type code n
Source rdamedia
338 ## - CARRIER TYPE
Carrier type term volume
Carrier type code nc
Source rdacarrier
500 ## - GENERAL NOTE
General note "A guided journey into the tiny, fragile, vulnerable, precious thing about you."
504 ## - BIBLIOGRAPHY, ETC. NOTE
Bibliography, etc. note Includes bibliographical references.
505 0# - FORMATTED CONTENTS NOTE
Formatted contents note Prologue: the keeper of the stream -- Introduction: holy ground -- I. What the soul is -- The soul nobody knows -- What is the soul? -- A soul-challenged world -- Lost souls -- Sin and the soul -- II. What the soul needs -- It's the nature of the soul to need -- The soul needs a keeper -- The soul needs a center -- The soul needs a future -- The soul needs to be with God -- The soul needs rest -- The soul needs freedom -- The soul needs blessing -- The soul needs satisfaction -- The soul needs gratitude -- III. The soul restored -- Dark night of the soul -- Morning -- Epilogue.
520 ## - SUMMARY, ETC.
Summary, etc. Presents a guide to rediscovering the soul and achieving divine depth in an age in which materialism and consumerism induce people to develop unhealthy, petty habits.
650 #0 - SUBJECT ADDED ENTRY--TOPICAL TERM
Topical term or geographic name entry element Spirituality
General subdivision Christianity.
650 #0 - SUBJECT ADDED ENTRY--TOPICAL TERM
Topical term or geographic name entry element Spiritual life
General subdivision Christianity.
650 #0 - SUBJECT ADDED ENTRY--TOPICAL TERM
Topical term or geographic name entry element Soul
General subdivision Christianity.
942 ## - ADDED ENTRY ELEMENTS (KOHA)
Source of classification or shelving scheme Dewey Decimal Classification
Koha item type Books
Holdings
Withdrawn status Lost status Source of classification or shelving scheme Damaged status Not for loan Collection code Home library Current library Shelving location Date acquired Cost, normal purchase price Total Checkouts Full call number Barcode Date last seen Price effective from Koha item type
    Dewey Decimal Classification     Non-fiction Harvest Mission College Harvest Mission College General Stacks 17.12.2018 460.00   233 O77S 005563 17.12.2018 17.12.2018 Books

OPAC Designed and Maintained by HMC Library Team.
Copyright © HMC Library,Greater Noida, UP.
For any Suggestions/Query Contact library via Email:libhmc@gmail.com